00445nam a2200169Ia 450000500170000000800410001702000150005808200130007310000150008624500640010126000430016530000180020865000120022665000120023865000100025065000150026020241003045348.0240331s9999 xx 000 0 und d a0801481805 bLIOa809 aLionnet, F 0aPostcolonial representations :bwomen, literature, identity aLondonbCornell University Pressc1995 axvi, 196 p ., aHistory aCulture aWomen aLiterature